| 000 | 01016nam a2200265Ia 4500 | ||
|---|---|---|---|
| 001 | 22036 | ||
| 005 | 20260320113336.0 | ||
| 008 | 260320s9999||||xx |||||||||||||| ||und|| | ||
| 020 | _a9786124205729 | ||
| 041 | _aESP | ||
| 082 |
_a343.8 _bP42 |
||
| 100 |
_aPeñaranda Iglesias, Alan Augusto, _eAUT |
||
| 245 | 0 |
_aExégesis del código tributario : _banálisis y comentarios del código tributario |
|
| 246 |
_a _5 _b |
||
| 250 | _aPrimera edición | ||
| 260 |
_aLima : _bSuperintendencia Nacional de Aduanas y de Administración Tributaria, _c2024 |
||
| 300 |
_a1413 páginas : _bcuadros, tablas ; _c25 cm. _e |
||
| 440 |
_a _n _v |
||
| 650 | _aCIS | ||
| 653 | _aDerecho tributario; Código tributario | ||
| 654 | _aDER | ||
| 700 |
_aMontesinos Corro, Álvaro Manuel; Tudela Tello, Andree César Augusto; Flores Espinoza, Carlos Augusto [y otros veintiuno] _cAUTS |
||
| 856 |
_uhttps://0u214o9oa-y-https-app-vlex-com.itmsp.museknowledge.com/ _zVéase además: Base de datos Vlex |
||
| 942 |
_cLIB _dJUS _fMAT _2ddc _n |
||
| 999 |
_c22036 _d22036 |
||